000 00466nam a2200205Ia 4500
001 14557
003 GE_BSU
008 181216s||||||||xx |||||||||||||| ||und||
040 _cGE_BSU
080 _a82-93
100 _aAlderson,Brian
245 _aCakes and Custard
245 _cIllustrated by Helen Oxenbury
260 _aLondon
260 _bBook club Associates
260 _c1974
300 _a156p.ill.24cm.
653 _aCakes and Custard
942 _cBK
999 _c47688
_d47688